Účtová osnova "podle IFRS"
Účtovná osnova v tomto článku je len príkladom, ktorý bol úmyselne zostavený tak, aby "účtovnú osnovu podľa IFRS" čo možno najviac priblížil čitateľom zvyknutým na účtovnú osnovu podľa českej národnej úpravy.
Uložené v:
| Hlavný autor: | |
|---|---|
| Médium: | Kapitola |
| Jazyk: | Czech |
| Predmet: | |
| Tagy: |
Žiadne tagy, Buďte prvý, kto otaguje tento záznam!
|
MARC
| LEADER | 00000naa a2200000 4500 | ||
|---|---|---|---|
| 001 | 0117947 | ||
| 005 | 20230925092237.8 | ||
| 041 | 0 | |a cze | |
| 044 | |a CZ | ||
| 245 | 1 | 0 | |a Účtová osnova "podle IFRS" |c Robert Mládek |
| 520 | |a Účtovná osnova v tomto článku je len príkladom, ktorý bol úmyselne zostavený tak, aby "účtovnú osnovu podľa IFRS" čo možno najviac priblížil čitateľom zvyknutým na účtovnú osnovu podľa českej národnej úpravy. | ||
| 610 | 2 | 0 | |a osnova účtová |
| 610 | 2 | 0 | |a IFRS |
| 610 | 2 | 0 | |a Česko |
| 100 | 1 | |a Mládek, Robert | |